000 01174nam a22002177a 4500
999 _c59042
_d59042
003 Ge_BSU
005 20221110162903.0
008 221110s2022ge xxu||||| |||| 00| 0 geo d
020 _a9789941341311
041 _ageo
080 _a341 მ-70
100 _aმირიანაშვილი, გიორგი
_915763
245 _aადამიანის უფლებათა დაცვის კოლიზიური ევროპული სტანდარტები ექსტრადიციის სფეროში /
_c გიორგი მირიანაშვილი.
264 _aთბილისი:
_bმერანი,
_c2022.
300 _a448 გვ.:
_c20 სმ.
504 _aბიბლიოგრაფ. გვ: 408-442
653 _aადამიანის უფლებათა დაცვის კოლიზიური ევროპული სტანდარტები ექსტრადიციის სფეროში.
653 _aსამართალი
773 _tნაჩუქარი,
_wმალხაზ ნაკაშიძე
942 _2udc
_cBK